Structure of industrial relations in Pakistan / (Record no. 3410)

000 -LEADER
fixed length control field 00965nam a2200277 a 4500
001 - CONTROL NUMBER
control field 4903352
003 - CONTROL NUMBER IDENTIFIER
control field OSt
005 - DATE AND TIME OF LATEST TRANSACTION
control field 20180117090005.0
008 - FIXED-LENGTH DATA ELEMENTS--GENERAL INFORMATION
fixed length control field 931217s1992 pk 000 0 eng
010 ## - LIBRARY OF CONGRESS CONTROL NUMBER
LC control number 93930042
020 ## - INTERNATIONAL STANDARD BOOK NUMBER
International Standard Book Number 9694071402 :
Terms of availability Rs195.00 ($12.50 U.S.)
025 ## - OVERSEAS ACQUISITION NUMBER
Overseas acquisition number P-E-019459 13/7-89
040 ## - CATALOGING SOURCE
Original cataloging agency DLC
Transcribing agency DLC
042 ## - AUTHENTICATION CODE
Authentication code lcode
043 ## - GEOGRAPHIC AREA CODE
Geographic area code a-pk---
050 00 - LIBRARY OF CONGRESS CALL NUMBER
Classification number HD8690.5
Item number .K47 1992
100 1# - MAIN ENTRY--PERSONAL NAME
Personal name Khan, Badiuddin A.
245 10 - TITLE STATEMENT
Title Structure of industrial relations in Pakistan /
Statement of responsibility, etc. Badiuddin A. Khan.
260 ## - PUBLICATION, DISTRIBUTION, ETC.
Place of publication, distribution, etc. Karachi, Pakistan :
Name of publisher, distributor, etc. Royal Book Co.,
Date of publication, distribution, etc. 1992.
300 ## - PHYSICAL DESCRIPTION
Extent ix, 159 p. ;
Dimensions 23 cm.
650 #0 - SUBJECT ADDED ENTRY--TOPICAL TERM
Topical term or geographic name entry element Industrial relations
Geographic subdivision Pakistan.
906 ## - LOCAL DATA ELEMENT F, LDF (RLIN)
a 7
b cbc
c origode
d 3
e ncip
f 19
g y-gencatlg
942 ## - ADDED ENTRY ELEMENTS (KOHA)
Source of classification or shelving scheme
Koha item type Book
Holdings
Withdrawn status Lost status Source of classification or shelving scheme Damaged status Not for loan Collection code Permanent Location Current Location Shelving location Date acquired Total Checkouts Full call number Barcode Date last seen Price effective from Koha item type
            Central Library (CL) Central Library (CL) General Stacks 06/16/2016   331.95491 BAD S3H-N-920 06/16/2016 06/16/2016 Book
© 2023 Central Library, National University of Sciences and Technology. All Rights Reserved.